| 000 | 00610nam a22001935i 4500 | ||
|---|---|---|---|
| 005 | 20180809172108.0 | ||
| 010 | _aB-701191 | ||
| 020 |
_a9789357940504 _c195.00 |
||
| 035 | _aB-701191 | ||
| 037 |
_bDBAD _adpl |
||
| 082 | _a510 | ||
| 100 | 1 | _aShraddha Singh | |
| 245 | 1 | 0 |
_aInternational mathematics Olympiad - 1 / _cby Shraddha Singh |
| 260 |
_bV & S Publishers _c2016 |
||
| 270 |
_aF-2/16, Ansari Road, Darya Ganj _bNew Delhi _e110002 |
||
| 300 |
_a130p : _bIll. _c24cm (pbk). |
||
| 942 |
_2ddc _cCH _h510 _mSHR |
||
| 999 |
_c155485 _d155485 |
||